[Event "2. Bundesliga Ost 2019/2020"]
[Site "alle Wien"]
[Date "2020.01.18"]
[Round "6"]
[Board "2"]
[White "Bures, Jaroslav"]
[Black "Macko, Miroslav"]
[Result "1/2-1/2"]
[WhiteElo "2388"]
[BlackElo "2303"]
[PlyCount "110"]
[EventDate "2019.10.19"]
[EventType "team"]
[EventRounds "11"]
[EventCountry "AUT"]
[WhiteTeam "SG Mistelbach/Altlichtenwarth"]
[BlackTeam "SK Austria Wien"]

1. d4 d5 2. c4 e6 3. Nc3 Nf6 4. cxd5 exd5 5. Bg5 Be7 6. e3 Nbd7 7. Bd3 c6 8.
Qc2 O-O 9. Nge2 Re8 10. f3 Nf8 11. O-O Qb6 12. Kh1 h6 13. Bh4 Ng4 14. Na4 Nxe3
15. Nxb6 Nxc2 16. Nxa8 Bxh4 17. Nc7 Re7 18. Bxc2 Rxe2 19. Bb3 Bd8 20. Nxd5 cxd5
21. Bxd5 Rxb2 22. Rfb1 Rxb1+ 23. Rxb1 b6 24. Rc1 Be6 25. Bc6 Bg5 26. Re1 f5 27.
d5 Bd7 28. f4 Bf6 29. g3 Kf7 30. Kg2 Bc3 31. Rc1 Bb4 32. Bxd7 Nxd7 33. Rc7 Ke7
34. Rxa7 Kd6 35. Kf3 Bc3 36. Rb7 Bd4 37. h3 Bf6 38. g4 Bd8 39. Ra7 Bc7 40. Ra8
Nf6 41. g5 hxg5 42. fxg5 Ne4 43. Rg8 Nxg5+ 44. Kf4 Nxh3+ 45. Kxf5 g5 46. Ke4
Kd7 47. Rg7+ Kc8 48. a4 Nf2+ 49. Kf5 Bf4 50. Rg6 Kc7 51. Rg7+ Kc8 52. Rg6 Kb7
53. d6 Kc6 54. d7+ Kxd7 55. Rxb6 Kc7  1/2-1/2

[Event "2. Bundesliga Ost 2019/2020"]
[Site "alle Wien"]
[Date "2020.01.18"]
[Round "6"]
[Board "3"]
[White "Hangweyrer, Manfred"]
[Black "Groetz, Harald"]
[Result "1/2-1/2"]
[WhiteElo "2347"]
[BlackElo "2312"]
[PlyCount "82"]
[EventDate "2019.10.19"]
[EventType "team"]
[EventRounds "11"]
[EventCountry "AUT"]
[WhiteTeam "SK Austria Wien"]
[BlackTeam "SG Mistelbach/Altlichtenwarth"]

1. e4 c5 2. Nf3 e6 3. g3 Nc6 4. Bg2 a6 5. O-O b5 6. d4 cxd4 7. Nxd4 Nge7 8. Nb3
d6 9. a4 b4 10. a5 Bb7 11. N1d2 Nc8 12. Nc4 Be7 13. f4 O-O 14. Be3 Qc7 15. Qe2
Bd8 16. Rad1 N6e7 17. Nb6 Nxb6 18. axb6 Qb8 19. Qd2 d5 20. Qxb4 dxe4 21. Nc5 a5
22. Qa3 Bxb6 23. Rd7 Nd5 24. Rxb7 Bxc5 25. Rxb8 Bxa3 26. Rxa8 Rxa8 27. Bd4 Be7
28. Bxe4 Rc8 29. Ra1 Bd8 30. c3 Rb8 31. c4 Nf6 32. Bc6 Rc8 33. Bb5 Ne4 34. b3
Nd2 35. Bc3 Nxb3 36. Ra3 Bb6+ 37. Kg2 Nd4 38. Bxd4 Bxd4 39. Rxa5 g6 40. Kf3 h5
41. Ra2 Bc5  1/2-1/2

[Event "2. Bundesliga Ost 2019/2020"]
[Site "alle Wien"]
[Date "2020.01.18"]
[Round "6"]
[Board "4"]
[White "Hofmann, Thomas"]
[Black "Sardy, Peter"]
[Result "0-1"]
[WhiteElo "2228"]
[BlackElo "2352"]
[PlyCount "118"]
[EventDate "2019.10.19"]
[EventType "team"]
[EventRounds "11"]
[EventCountry "AUT"]
[WhiteTeam "SG Mistelbach/Altlichtenwarth"]
[BlackTeam "SK Austria Wien"]

1. d4 d6 2. c4 e5 3. Nc3 exd4 4. Qxd4 Nc6 5. Qd2 Nf6 6. g3 g6 7. b3 Bg7 8. Bb2
O-O 9. Nf3 a5 10. Bg2 Bf5 11. Nh4 Be6 12. Nd5 a4 13. O-O Re8 14. Rac1 axb3 15.
axb3 Ra2 16. Nc3 Ra6 17. Rfd1 Na5 18. Qc2 c6 19. e4 Qb6 20. e5 dxe5 21. Na4
Qxb3 22. Nc5 Qxc2 23. Rxc2 Raa8 24. Nxe6 Rxe6 25. Nf3 e4 26. Ng5 Ree8 27. Bxf6
Bxf6 28. Nxe4 Be7 29. c5 Nb3 30. Rb1 Nd4 31. Rd2 Red8 32. Rbd1 Nb5 33. Nd6 Bxd6
34. cxd6 Kf8 35. d7 Nc3 36. Rc1 Nd5 37. Bxd5 Rxd7 38. Rb2 cxd5 39. Rcb1 Ra7 40.
Kf1 Ke7 41. Ke2 Kd6 42. Rb6+ Kc7 43. R1b2 Rd6 44. R6b4 b6 45. Kd3 Rc6 46. Kd4
Ra5 47. Re2 Re6 48. Rxe6 fxe6 49. Ke5 Ra2 50. Kxe6 Kc6 51. Rf4 Re2+ 52. Kf6 Kc5
53. Kg7 Re7+ 54. Kf6 Ra7 55. Ke6 d4 56. Rf8 Rc7 57. Rd8 Kc4 58. Ke5 d3 59. Ke4
Re7+  0-1

[Event "2. Bundesliga Ost 2019/2020"]
[Site "alle Wien"]
[Date "2020.01.18"]
[Round "6"]
[Board "5"]
[White "Newrkla, Katharina"]
[Black "Vrana, Frantisek"]
[Result "0-1"]
[WhiteElo "2217"]
[BlackElo "2254"]
[PlyCount "56"]
[EventDate "2019.10.19"]
[EventType "team"]
[EventRounds "11"]
[EventCountry "AUT"]
[WhiteTeam "SK Austria Wien"]
[BlackTeam "SG Mistelbach/Altlichtenwarth"]

1. d4 f5 2. g4 d5 3. g5 Qd6 4. Nc3 h6 5. e4 fxe4 6. Nb5 Qb6 7. Bf4 Na6 8. a4
hxg5 9. a5 Qg6 10. Nxc7+ Nxc7 11. Bxc7 Bd7 12. a6 b6 13. Ne2 Nh6 14. Nc3 Qf5
15. Be2 e6 16. Nb5 Be7 17. Nd6+ Bxd6 18. Bxd6 Rc8 19. Rg1 Nf7 20. Bg3 e5 21.
dxe5 Nxe5 22. Qd4 Nf3+ 23. Bxf3 exf3 24. Qe5+ Kf7 25. Qxf5+ Bxf5 26. c3 Rhe8+
27. Kd1 Re2 28. Re1 Bc2+  0-1

[Event "2. Bundesliga Ost 2019/2020"]
[Site "alle Wien"]
[Date "2020.01.18"]
[Round "6"]
[Board "6"]
[White "Gasa, Andrej"]
[Black "Wagner, Gregor"]
[Result "1-0"]
[WhiteElo "2213"]
[BlackElo "2168"]
[PlyCount "93"]
[EventDate "2019.10.19"]
[EventType "team"]
[EventRounds "11"]
[EventCountry "AUT"]
[WhiteTeam "SG Mistelbach/Altlichtenwarth"]
[BlackTeam "SK Austria Wien"]

1. e4 e5 2. Nf3 Nc6 3. Bb5 a6 4. Ba4 Nf6 5. d3 b5 6. Bb3 Bc5 7. c3 d6 8. h3 h6
9. O-O O-O 10. a4 Bd7 11. Re1 Bb6 12. Nbd2 Na5 13. Bc2 c5 14. Nf1 Nc6 15. Ng3
Ne7 16. d4 cxd4 17. cxd4 Ng6 18. Be3 Rc8 19. axb5 Bxb5 20. Bd3 Bxd3 21. Qxd3 a5
22. Red1 Qc7 23. Ra3 Rfd8 24. Rc3 Qa7 25. Rxc8 Rxc8 26. Nf5 d5 27. Nxe5 Nxe5
28. Qb3 Nxe4 29. Qxd5 Nf3+ 30. gxf3 Nf6 31. Qe5 Re8 32. Qg3 g6 33. Nxh6+ Kh7
34. Ng4 Nh5 35. Qh4 Bd8 36. Bg5 Bxg5 37. Qxg5 Qb6 38. d5 Qxb2 39. Qd2 Qa3 40.
d6 Qxf3 41. d7 Rd8 42. Qh6+ Kg8 43. Rd6 Qe4 44. Qg5 Qb1+ 45. Kh2 Qb8 46. Qe7
Kg7 47. Ne5  1-0

[Event "2. Bundesliga Ost 2019/2020"]
[Site "alle Wien"]
[Date "2020.01.18"]
[Round "6"]
[Board "1"]
[White "Peyrer, Konstantin"]
[Black "Lipka, Juraj"]
[Result "1/2-1/2"]
[WhiteElo "2286"]
[BlackElo "2405"]
[PlyCount "156"]
[EventDate "2019.10.19"]
[EventType "team"]
[EventRounds "11"]
[EventCountry "AUT"]
[WhiteTeam "mpimmo Wien - SK Ottakring"]
[BlackTeam "ASVOE Pamhagen"]

1. c4 e6 2. Nf3 d5 3. g3 dxc4 4. Qa4+ Nd7 5. Qxc4 a6 6. Bg2 b5 7. Qc2 Bb7 8.
O-O Ngf6 9. d3 c5 10. Nbd2 Be7 11. b3 O-O 12. Bb2 Qb6 13. Rfd1 Rfc8 14. Rac1
Nd5 15. Qb1 Bf8 16. h4 a5 17. a4 bxa4 18. bxa4 Bc6 19. Qa1 Rcb8 20. Rb1 Qa6 21.
Ne4 N7b6 22. Be5 Rd8 23. Rdc1 Nxa4 24. Rc4 Nab6 25. Nxc5 Qa7 26. Rg4 f5 27. Rg5
h6 28. Nd4 Be8 29. Rxg7+ Bxg7 30. Bxg7 Qxg7 31. Ncxe6 Qe5 32. Nxd8 Rxd8 33.
Qxa5 Qxd4 34. Bxd5+ Qxd5 35. Qxb6 Bc6 36. Qb3 Kf7 37. Qxd5+ Rxd5 38. f3 h5 39.
Kf2 Re5 40. e4 fxe4 41. dxe4 Re6 42. Rb4 Rg6 43. Rc4 Rf6 44. Ke3 Rg6 45. Rc5
Bxe4 46. Kxe4 Rxg3 47. Rxh5 Rh3 48. Rf5+ Ke6 49. Rh5 Kf6 50. Kf4 Rh1 51. Rf5+
Ke6 52. h5 Rh4+ 53. Kg3 Rh1 54. Ra5 Kf6 55. Kg4 Rg1+ 56. Kf4 Rh1 57. Ra6+ Kg7
58. h6+ Kh7 59. Kg5 Rg1+ 60. Kf5 Rh1 61. f4 Rb1 62. Re6 Ra1 63. Kf6 Kxh6 64.
Kf7+ Kh7 65. f5 Ra7+ 66. Re7 Ra6 67. f6 Ra8 68. Rb7 Rc8 69. Rb1 Rc7+ 70. Ke8
Ra7 71. Rb6 Kg8 72. Rd6 Rf7 73. Re6 Ra7 74. Re5 Ra8+ 75. Ke7 Ra7+ 76. Ke6 Kf8
77. Rb5 Ra6+ 78. Kf5 Ra1  1/2-1/2

[Event "2. Bundesliga Ost 2019/2020"]
[Site "alle Wien"]
[Date "2020.01.18"]
[Round "6"]
[Board "2"]
[White "Volkmann, Friedrich Karl"]
[Black "Bauer, Thomas"]
[Result "1-0"]
[WhiteElo "2403"]
[BlackElo "2207"]
[PlyCount "77"]
[EventDate "2019.10.19"]
[EventType "team"]
[EventRounds "11"]
[EventCountry "AUT"]
[WhiteTeam "ASVOE Pamhagen"]
[BlackTeam "mpimmo Wien - SK Ottakring"]

1. Nf3 c5 2. c4 g6 3. e4 Nc6 4. d4 cxd4 5. Nxd4 Nf6 6. Nc3 d6 7. Be2 Nxd4 8.
Qxd4 Bg7 9. Be3 O-O 10. Qd2 a5 11. Rc1 a4 12. c5 Qa5 13. cxd6 Rd8 14. Nb5 Qxd2+
15. Bxd2 exd6 16. f3 Ne8 17. Bc3 Be6 18. Bxg7 Kxg7 19. a3 Ra6 20. Nc3 Ra5 21.
Kf2 Bb3 22. Bd1 Rc8 23. Bxb3 axb3 24. Rhd1 Rc4 25. Ke3 Rac5 26. Ne2 d5 27. exd5
Nd6 28. Rc3 Rxc3+ 29. Nxc3 Nc4+ 30. Kd4 Rc8 31. Rb1 f5 32. Ne2 b5 33. Nc3 Nd6
34. Re1 Kf7 35. Re6 Nc4 36. Nxb5 f4 37. Rc6 Rxc6 38. dxc6 Nxb2 39. c7  1-0

[Event "2. Bundesliga Ost 2019/2020"]
[Site "alle Wien"]
[Date "2020.01.18"]
[Round "6"]
[Board "3"]
[White "Steindl, Johannes"]
[Black "Vitouch, Anatol"]
[Result "1-0"]
[WhiteElo "2278"]
[BlackElo "2286"]
[PlyCount "91"]
[EventDate "2019.10.19"]
[EventType "team"]
[EventRounds "11"]
[EventCountry "AUT"]
[WhiteTeam "mpimmo Wien - SK Ottakring"]
[BlackTeam "ASVOE Pamhagen"]

1. e4 d5 2. exd5 Qxd5 3. Nf3 Bg4 4. Be2 Nc6 5. h3 Bxf3 6. Bxf3 Qe6+ 7. Qe2
Qxe2+ 8. Bxe2 O-O-O 9. d3 g6 10. O-O Bh6 11. Na3 e5 12. c3 Bxc1 13. Rfxc1 Nge7
14. b4 Nd5 15. g3 h5 16. Nc4 f6 17. h4 Rhe8 18. Bf3 Nce7 19. Na5 c6 20. b5 b6
21. Nb3 cxb5 22. a4 bxa4 23. Rxa4 Kb8 24. d4 Nc8 25. dxe5 fxe5 26. Be4 Nde7 27.
c4 Nd6 28. Bg2 Ndf5 29. Rca1 Nc8 30. c5 Rd3 31. cxb6 Rxb3 32. bxa7+ Nxa7 33.
Rxa7 Rb1+ 34. Rxb1+ Kxa7 35. Be4 Re6 36. Rb7+ Ka6 37. Bxf5 gxf5 38. Rh7 Kb6 39.
Rxh5 Rf6 40. Rh8 Kc6 41. h5 Kd5 42. h6 Ke4 43. Kg2 Rg6 44. h7 Rg7 45. f3+ Ke3
46. Re8  1-0

[Event "2. Bundesliga Ost 2019/2020"]
[Site "alle Wien"]
[Date "2020.01.18"]
[Round "6"]
[Board "4"]
[White "Alvir, Aco"]
[Black "Steiner, Adam"]
[Result "1-0"]
[WhiteElo "2338"]
[BlackElo "2215"]
[PlyCount "83"]
[EventDate "2019.10.19"]
[EventType "team"]
[EventRounds "11"]
[EventCountry "AUT"]
[WhiteTeam "ASVOE Pamhagen"]
[BlackTeam "mpimmo Wien - SK Ottakring"]

1. e4 c6 2. d4 d5 3. Nc3 dxe4 4. Nxe4 Nd7 5. Nf3 Ngf6 6. Nxf6+ Nxf6 7. Ne5 Bf5
8. c3 e6 9. g4 Bg6 10. h4 Bd6 11. Qe2 c5 12. Bg2 cxd4 13. h5 Bxe5 14. Qxe5 Bd3
15. g5 Ng4 16. Qxg7 Rf8 17. Qxd4 Qxd4 18. cxd4 O-O-O 19. f3 Rxd4 20. fxg4 Rxg4
21. Bf3 Rc4 22. b3 Rc2 23. Be3 f6 24. Rc1 Rxc1+ 25. Bxc1 fxg5 26. Be2 Bb1 27.
Bxg5 Bxa2 28. Bc4 Kc7 29. Ke2 b5 30. Bd3 Bxb3 31. Bxh7 Kd6 32. Bd3 Bd5 33. Rh3
b4 34. h6 Bg2 35. Rg3 Bf1+ 36. Ke3 Bxd3 37. Kxd3 Rf7 38. Rh3 Rh7 39. Bf6 a5 40.
Bg7 Ke7 41. Kc4 Kf7 42. Rh5  1-0

[Event "2. Bundesliga Ost 2019/2020"]
[Site "alle Wien"]
[Date "2020.01.18"]
[Round "6"]
[Board "5"]
[White "Plank, Franz"]
[Black "Franzen, Jozef"]
[Result "1/2-1/2"]
[WhiteElo "2172"]
[BlackElo "2238"]
[PlyCount "91"]
[EventDate "2019.10.19"]
[EventType "team"]
[EventRounds "11"]
[EventCountry "AUT"]
[WhiteTeam "mpimmo Wien - SK Ottakring"]
[BlackTeam "ASVOE Pamhagen"]

1. e4 g6 2. c4 Bg7 3. d4 d6 4. Nc3 Nf6 5. f3 O-O 6. Be3 Nbd7 7. Qd2 e5 8. Nge2
c6 9. d5 cxd5 10. cxd5 a6 11. g4 h5 12. h3 Nh7 13. O-O-O h4 14. Kb1 Bf6 15. Nc1
Bg5 16. Nd3 Nb6 17. Ne1 Bd7 18. Ng2 Bxe3 19. Qxe3 Na4 20. Nxa4 Bxa4 21. Rc1 Bd7
22. f4 Rc8 23. Bd3 exf4 24. Qxf4 Qe7 25. Qf2 Rxc1+ 26. Rxc1 Rc8 27. Rxc8+ Bxc8
28. Nxh4 Ng5 29. Qe3 Bd7 30. Ng2 Bb5 31. Bc2 Qf6 32. a4 Bf1 33. Nf4 Bxh3 34.
Nxh3 Qf1+ 35. Ka2 Nxh3 36. e5 Qf2 37. Qc3 Nf4 38. Bb3 Qb6 39. exd6 Qxd6 40.
Qc8+ Kg7 41. Qxb7 Nd3 42. a5 Nb4+ 43. Ka3 Nd3+ 44. Ka2 Nb4+ 45. Ka3 Nd3+ 46.
Ka2  1/2-1/2

[Event "2. Bundesliga Ost 2019/2020"]
[Site "alle Wien"]
[Date "2020.01.18"]
[Round "6"]
[Board "6"]
[White "Kuthan, Andreas"]
[Black "Mayrhuber, Nikola"]
[Result "1/2-1/2"]
[WhiteElo "2194"]
[BlackElo "2000"]
[PlyCount "76"]
[EventDate "2019.10.19"]
[EventType "team"]
[EventRounds "11"]
[EventCountry "AUT"]
[WhiteTeam "ASVOE Pamhagen"]
[BlackTeam "mpimmo Wien - SK Ottakring"]

1. e4 e6 2. d4 d5 3. Nd2 c5 4. c3 cxd4 5. cxd4 dxe4 6. Nxe4 Nf6 7. Bd3 Bb4+ 8.
Nc3 O-O 9. Nf3 b6 10. O-O Bb7 11. Bg5 Be7 12. Re1 Nc6 13. a3 Rc8 14. Rc1 Nd5
15. h4 h6 16. Nxd5 Qxd5 17. Be4 Qd8 18. Bxe7 Qxe7 19. Qa4 Na5 20. Rxc8 Bxc8 21.
Ne5 Qxh4 22. b4 Nb7 23. Qxa7 Nd6 24. g3 Qg5 25. Bf3 f6 26. Nc6 Nc4 27. Ne7+ Kh7
28. Nxc8 Rxc8 29. Qd7 Nd2 30. Bg2 Rc3 31. Qxe6 Rxa3 32. d5 Nf3+ 33. Bxf3 Rxf3
34. d6 Rxg3+ 35. fxg3 Qxg3+ 36. Kh1 Qf3+ 37. Kh2 Qf2+ 38. Kh3 Qf3+  1/2-1/2

[Event "2. Bundesliga Ost 2019/2020"]
[Site "alle Wien"]
[Date "2020.01.18"]
[Round "6"]
[Board "1"]
[White "Polak, Tomas"]
[Black "Rubil, Marko"]
[Result "1-0"]
[WhiteElo "2527"]
[BlackElo "2290"]
[PlyCount "49"]
[EventDate "2019.10.19"]
[EventType "team"]
[EventRounds "11"]
[EventCountry "AUT"]
[WhiteTeam "SK Hietzing"]
[BlackTeam "SK Advisory Invest Baden"]

1. d4 d5 2. c4 c6 3. Nc3 Nf6 4. Nf3 dxc4 5. a4 Bf5 6. Nh4 Bc8 7. e3 e5 8. Bxc4
exd4 9. exd4 Bd6 10. Qe2+ Be7 11. O-O O-O 12. Re1 Bb4 13. Bg5 h6 14. Be3 Bg4
15. Qd3 Nd5 16. Nf5 Qd7 17. Nxh6+ gxh6 18. Bxh6 Bxc3 19. bxc3 Re8 20. Qg3 Na6
21. h3 Kh7 22. Qh4 Rh8 23. hxg4 Rag8 24. Bxa6 bxa6 25. Bc1+  1-0

[Event "2. Bundesliga Ost 2019/2020"]
[Site "alle Wien"]
[Date "2020.01.18"]
[Round "6"]
[Board "2"]
[White "Unuk, Laura"]
[Black "Belke, Frank"]
[Result "1-0"]
[WhiteElo "2278"]
[BlackElo "2261"]
[PlyCount "121"]
[EventDate "2019.10.19"]
[EventType "team"]
[EventRounds "11"]
[EventCountry "AUT"]
[WhiteTeam "SK Advisory Invest Baden"]
[BlackTeam "SK Hietzing"]

1. d4 Nf6 2. c4 g6 3. Nf3 Bg7 4. g3 O-O 5. Bg2 c6 6. O-O d5 7. Qb3 dxc4 8. Qxc4
Be6 9. Qc2 Bf5 10. Qb3 Qb6 11. Nbd2 Nbd7 12. Qa4 a5 13. Nh4 Bg4 14. e3 Be2 15.
Re1 Bb5 16. Qc2 e5 17. a4 Ba6 18. Nb3 Nd5 19. Bd2 Nb4 20. Qc3 Rfd8 21. Nf3 e4
22. Ng5 Nd5 23. Qc2 Bd3 24. Qd1 Re8 25. Nc1 h6 26. Nh3 Ba6 27. Qc2 N7f6 28. Nf4
Nb4 29. Qb3 g5 30. Nfe2 Nfd5 31. Nc3 Nxc3 32. bxc3 Nd5 33. Qc2 f5 34. Rb1 Qd8
35. c4 Nb4 36. Bxb4 axb4 37. c5 b5 38. Qb3+ Kh8 39. axb5 Bxb5 40. Qxb4 Ra4 41.
Qb3 Qa8 42. Bh3 f4 43. Qf7 Rf8 44. Qg6 Rf6 45. Qxe4 fxg3 46. hxg3 Qf8 47. Qc2
Rc4 48. Qd2 Qd8 49. Rb2 Qd5 50. Bg2 Qf5 51. Nd3 Rf8 52. Nb4 Qf6 53. Nd5 cxd5
54. Rxb5 Qa6 55. Rb2 Qa8 56. Reb1 Ra4 57. Qc2 Ra3 58. Rb7 Ra1 59. Bxd5 Rxb1+
60. Qxb1 Qa5 61. Rb8  1-0

[Event "2. Bundesliga Ost 2019/2020"]
[Site "alle Wien"]
[Date "2020.01.18"]
[Round "6"]
[Board "3"]
[White "Penz, Harald"]
[Black "Trippold, Denise"]
[Result "1/2-1/2"]
[WhiteElo "2278"]
[BlackElo "2180"]
[PlyCount "98"]
[EventDate "2019.10.19"]
[EventType "team"]
[EventRounds "11"]
[EventCountry "AUT"]
[WhiteTeam "SK Hietzing"]
[BlackTeam "SK Advisory Invest Baden"]

1. e4 e6 2. Nf3 d5 3. exd5 exd5 4. d4 Nf6 5. Bd3 c5 6. dxc5 Bxc5 7. O-O O-O 8.
Nbd2 Nc6 9. Nb3 Bb6 10. c3 Bg4 11. Be2 Re8 12. Bg5 Qd6 13. Bxf6 Qxf6 14. Nfd4
Bxe2 15. Nxe2 Rad8 16. Qc2 Ne5 17. Nbd4 Bc7 18. Ng3 g6 19. Rad1 h5 20. Rfe1 h4
21. Nf1 h3 22. Re3 hxg2 23. Kxg2 Kg7 24. Nf3 Nxf3 25. Rxf3 Qg5+ 26. Kh1 Re4 27.
Ng3 Rh8 28. Rg1 Qe5 29. Qc1 Qe6 30. Re3 Bf4 31. Qf1 Bxe3 32. fxe3 Reh4 33. Rg2
Kf8 34. Qf3 Rh3 35. Qf4 Kg7 36. Qd4+ Kf8 37. Qxa7 Qf6 38. Qxb7 Rxh2+ 39. Kg1
Rxg2+ 40. Kxg2 Qe6 41. Qb8+ Kg7 42. Qf4 Qh3+ 43. Kf2 Qh2+ 44. Kf3 Rh3 45. Qe5+
Kh7 46. Qc7 Kg8 47. Qb8+ Kg7 48. Qe5+ Kh7 49. Qc7 Kg7  1/2-1/2

[Event "2. Bundesliga Ost 2019/2020"]
[Site "alle Wien"]
[Date "2020.01.18"]
[Round "6"]
[Board "4"]
[White "Fabi-Zojer, Stefan"]
[Black "Djeno, Drago"]
[Result "1/2-1/2"]
[WhiteElo "2178"]
[BlackElo "2322"]
[PlyCount "133"]
[EventDate "2019.10.19"]
[EventType "team"]
[EventRounds "11"]
[EventCountry "AUT"]
[WhiteTeam "SK Advisory Invest Baden"]
[BlackTeam "SK Hietzing"]

1. d4 c5 2. d5 g6 3. e4 Bg7 4. Nc3 d6 5. Be3 Nf6 6. f3 b6 7. Qd2 h5 8. h4 Na6
9. Bb5+ Kf8 10. Bc6 Rb8 11. Nb5 Nd7 12. c3 Ne5 13. Nxa7 Bd7 14. Bb5 Nc7 15. Nc6
Bxc6 16. Bxc6 Nxc6 17. dxc6 Qe8 18. Ne2 Qxc6 19. O-O d5 20. exd5 Nxd5 21. Rad1
Nxe3 22. Qxe3 Bf6 23. g3 Kg7 24. Rd2 Rhd8 25. Rfd1 Rxd2 26. Rxd2 b5 27. Nf4 e6
28. Nd3 b4 29. Nf2 bxc3 30. bxc3 Rb1+ 31. Rd1 Rxd1+ 32. Nxd1 Qd6 33. Qe1 c4 34.
Kg2 Qd3 35. Qf1 Qc2+ 36. Kh3 Qxa2 37. Ne3 Bxc3 38. Nxc4 Bd4 39. Nd6 Qd5 40. Ne4
Qb3 41. Ng5 Qc3 42. Qb1 Bf6 43. Qb7 Bxg5 44. hxg5 Qc5 45. Qb2+ Kg8 46. f4 Kh7
47. Qb8 Qd5 48. Kh2 Qd2+ 49. Kh3 Qd3 50. Qc7 Qf5+ 51. Kh2 Kg8 52. Qb8+ Kh7 53.
Qc7 Kg7 54. Qc3+ Kh7 55. Qc7 Kg7 56. Qc3+ e5 57. Qxe5+ Qxe5 58. fxe5 Kf8 59.
Kg2 Ke7 60. Kf3 Kd7 61. Ke3 Ke7 62. Kd4 Kd8 63. Kc4 Kc8 64. Kd4 Kd8 65. Kc4 Kc8
66. Kd4 Kd8 67. Kc4  1/2-1/2

[Event "2. Bundesliga Ost 2019/2020"]
[Site "alle Wien"]
[Date "2020.01.18"]
[Round "6"]
[Board "5"]
[White "Mozny, Milos"]
[Black "Hofegger, Jakob"]
[Result "1/2-1/2"]
[WhiteElo "2256"]
[BlackElo "2177"]
[PlyCount "66"]
[EventDate "2019.10.19"]
[EventType "team"]
[EventRounds "11"]
[EventCountry "AUT"]
[WhiteTeam "SK Hietzing"]
[BlackTeam "SK Advisory Invest Baden"]

1. d4 Nf6 2. Nf3 g6 3. g3 Bg7 4. Bg2 O-O 5. c4 d6 6. Nc3 c5 7. dxc5 dxc5 8. Be3
Qa5 9. Qa4 Nc6 10. Nd2 Qxa4 11. Nxa4 Nd4 12. Rc1 Ng4 13. Nxc5 Nxe3 14. fxe3 Nf5
15. Kf2 Rb8 16. Rhd1 b6 17. Nd3 Bh6 18. Nf1 Bb7 19. Bf3 Nd6 20. Nb4 a5 21. Nd5
Bxd5 22. Rxd5 Rfc8 23. b3 a4 24. Rcd1 Bg7 25. g4 axb3 26. axb3 Bc3 27. Ng3 Rc7
28. Ne4 Bb4 29. Ra1 Nxe4+ 30. Bxe4 Bd6 31. h3 Rc5 32. Kf3 Rxd5 33. Bxd5 h6
 1/2-1/2

[Event "2. Bundesliga Ost 2019/2020"]
[Site "alle Wien"]
[Date "2020.01.18"]
[Round "6"]
[Board "6"]
[White "Juenger, Heinz"]
[Black "Wagner, Leopold Franziskus"]
[Result "0-1"]
[WhiteElo "2175"]
[BlackElo "2098"]
[PlyCount "164"]
[EventDate "2019.10.19"]
[EventType "team"]
[EventRounds "11"]
[EventCountry "AUT"]
[WhiteTeam "SK Advisory Invest Baden"]
[BlackTeam "SK Hietzing"]

1. e4 c6 2. Nc3 d5 3. Nf3 dxe4 4. Nxe4 Bg4 5. Bc4 e6 6. h3 Bh5 7. Ng3 Bxf3 8.
Qxf3 Nf6 9. c3 Bd6 10. d4 Nbd7 11. O-O Qc7 12. Ne4 Nxe4 13. Qxe4 Nf6 14. Qf3
Nd5 15. Bb3 O-O 16. c4 Nf6 17. Bc2 c5 18. Bg5 Be7 19. Qd3 g6 20. dxc5 Qxc5 21.
Be3 Qc7 22. Rad1 Bc5 23. Bxc5 Qxc5 24. Qc3 Nh5 25. b4 Qg5 26. Qf3 b6 27. Rd7 a5
28. Be4 Rac8 29. bxa5 bxa5 30. Bc6 Nf4 31. Bb5 Rc5 32. Kh2 Rf5 33. Qg4 Qf6 34.
g3 Nd3 35. f4 Qb2+ 36. Kg1 Nc5 37. Rf2 Qf6 38. Rd1 Ne4 39. Rc2 Nc3 40. Rd3 Nxb5
41. cxb5 Rxb5 42. Kg2 Rfb8 43. Qe2 Kg7 44. Qd2 h5 45. h4 a4 46. Qc3 Qxc3 47.
Rdxc3 Rb2 48. Kf3 Kf6 49. Rxb2 Rxb2 50. Ra3 Rb4 51. Rc3 Rd4 52. Ke3 Rb4 53. Kf3
Rb5 54. Rc4 Ra5 55. Ke4 Ra7 56. Rb4 Ke7 57. Rd4 f6 58. Ke3 Ra5 59. Kf3 a3 60.
Rd3 e5 61. fxe5 fxe5 62. Rb3 Kf6 63. Rb8 Ra6 64. Rf8+ Ke6 65. Rb8 Ra4 66. Rg8
Kf7 67. Rb8 e4+ 68. Kf4 Rd4 69. Rb3 Rd3 70. Rb7+ Kf6 71. Rb6+ Kg7 72. g4 hxg4
73. Kxg4 Rd2 74. Re6 Rxa2 75. Rxe4 Ra1 76. Re2 a2 77. Rg2 Kh6 78. Kg3 Kh5 79.
Kh2 Rh1+ 80. Kxh1 a1=Q+ 81. Kh2 Qe5+ 82. Kg1 Qf4  0-1

[Event "2. Bundesliga Ost 2019/2020"]
[Site "alle Wien"]
[Date "2020.01.19"]
[Round "7"]
[Board "1"]
[White "Rubil, Marko"]
[Black "Schroll, Gerhard"]
[Result "1-0"]
[WhiteElo "2290"]
[BlackElo "2317"]
[PlyCount "45"]
[EventDate "2019.10.19"]
[EventType "team"]
[EventRounds "11"]
[EventCountry "AUT"]
[WhiteTeam "SK Advisory Invest Baden"]
[BlackTeam "ASVOE Mattersburg"]

1. e4 Nf6 2. e5 Nd5 3. d4 d6 4. c4 Nb6 5. f4 g6 6. Nc3 Bg7 7. Be3 O-O 8. c5
N6d7 9. h4 c6 10. h5 Re8 11. hxg6 hxg6 12. e6 fxe6 13. Bd3 Nf8 14. Qc2 e5 15.
dxe5 Na6 16. Bxg6 Nb4 17. Qb3+ Be6 18. Bh7+ Kf7 19. Qxb4 Nxh7 20. Rxh7 dxc5 21.
Qe4 Qc8 22. Nf3 b6 23. Ng5+  1-0

[Event "2. Bundesliga Ost 2019/2020"]
[Site "alle Wien"]
[Date "2020.01.19"]
[Round "7"]
[Board "2"]
[White "Wukits, Rene"]
[Black "Unuk, Laura"]
[Result "0-1"]
[WhiteElo "2279"]
[BlackElo "2278"]
[PlyCount "110"]
[EventDate "2019.10.19"]
[EventType "team"]
[EventRounds "11"]
[EventCountry "AUT"]
[WhiteTeam "ASVOE Mattersburg"]
[BlackTeam "SK Advisory Invest Baden"]

1. d4 Nf6 2. Nf3 e6 3. c4 b6 4. Nc3 Bb7 5. e3 Bb4 6. Bd3 O-O 7. O-O c5 8. Na4
cxd4 9. a3 Be7 10. exd4 d5 11. c5 bxc5 12. Nxc5 Qb6 13. b4 a5 14. Rb1 Qc7 15.
Re1 axb4 16. axb4 Nc6 17. Bg5 Ra2 18. Re2 Rfa8 19. Rxa2 Rxa2 20. Qb3 Ra8 21.
Qc2 h6 22. Be3 Rc8 23. Qd2 Ne4 24. Qb2 Bd6 25. h3 Nd8 26. Nd2 f5 27. Nf3 Qe7
28. Qc1 Qc7 29. Ra1 Qb6 30. Rb1 Qc7 31. Qe1 Qe7 32. g3 Ra8 33. Ra1 Qc7 34. Rxa8
Bxa8 35. Qa1 Bb7 36. Qe1 Bc8 37. Kg2 Nc6 38. Bxe4 fxe4 39. Ng1 Qb6 40. Qc1 Bf8
41. Ne2 Nxb4 42. Nxe4 Ba6 43. N4c3 Nd3 44. Qa1 Qc6 45. Nf4 e5 46. Nxd3 Bxd3 47.
Qa5 Bc4 48. Kh2 Qe6 49. Qd8 e4 50. Bf4 Qf5 51. Kg2 Kh7 52. Qc7 Bb4 53. Nd1 Qh5
54. g4 Bf1+ 55. Kxf1 Qxh3+  0-1

[Event "2. Bundesliga Ost 2019/2020"]
[Site "alle Wien"]
[Date "2020.01.19"]
[Round "7"]
[Board "3"]
[White "Trippold, Denise"]
[Black "Brod, Manfred"]
[Result "1-0"]
[WhiteElo "2180"]
[BlackElo "2217"]
[PlyCount "51"]
[EventDate "2019.10.19"]
[EventType "team"]
[EventRounds "11"]
[EventCountry "AUT"]
[WhiteTeam "SK Advisory Invest Baden"]
[BlackTeam "ASVOE Mattersburg"]

1. d4 d5 2. c4 dxc4 3. e4 e5 4. Nf3 exd4 5. Bxc4 Nc6 6. O-O Be6 7. Bb5 Bc5 8.
Nbd2 Nge7 9. Nb3 Bxb3 10. Qxb3 O-O 11. Bg5 Qd6 12. Rac1 a6 13. Be2 b5 14. Ne1
Bb6 15. a4 Na5 16. Qc2 c5 17. axb5 c4 18. Bxc4 Rfc8 19. Qd3 Ng6 20. Bd5 Rxc1
21. Bxc1 Rc8 22. Nf3 axb5 23. Qxb5 Ne7 24. b4 Nxd5 25. bxa5 Nc3 26. Qxb6  1-0